Las cuentas nacionales de Colombia en el siglo XlX / (Registro nro. 8529)

Detalles MARC
000 -LEADER
fixed length control field 02569nam a2200289Ia 4500
003 - CONTROL NUMBER IDENTIFIER
control field OSt
005 - DATE AND TIME OF LATEST TRANSACTION
control field 20210908155437.0
008 - FIXED-LENGTH DATA ELEMENTS--GENERAL INFORMATION
fixed length control field 210310s2009 ck ad fr 000 0dspa d
020 ## - INTERNATIONAL STANDARD BOOK NUMBER
International Standard Book Number 9789587250121
040 ## - CATALOGING SOURCE
Original cataloging agency CO-JMCR
Transcribing agency CO-JMCR
041 0# - LANGUAGE CODE
Language code of text/sound track or separate title spa
082 04 - DEWEY DECIMAL CLASSIFICATION NUMBER
Classification number 339.3861 /
Item number K147c
Edition number 23
100 1# - MAIN ENTRY--PERSONAL NAME
Personal name Kalmanovitz, Salomón,
9 (RLIN) 17537
Relator term autor
245 14 - TITLE STATEMENT
Title Las cuentas nacionales de Colombia en el siglo XlX /
Statement of responsibility, etc. Salomón Kalmanovitz, Edwin López Rivera
250 ## - EDITION STATEMENT
Edition statement Primera edición
260 ## - PUBLICATION, DISTRIBUTION, ETC.
Place of publication, distribution, etc. Bogotá :
Name of publisher, distributor, etc. Universidad Jorge Tadeo Lozano,
Date of publication, distribution, etc. 2009
300 ## - PHYSICAL DESCRIPTION
Extent 99 páginas :
Other physical details ilustraciones y gráficas a blanco y negro ;
Dimensions 21 cm.
500 ## - GENERAL NOTE
General note Incluye notas a pie de página y datos biográficos del autor.
504 ## - BIBLIOGRAPHY, ETC. NOTE
Bibliography, etc. note Bibliografía: páginas 85-94
505 0# - FORMATTED CONTENTS NOTE
Formatted contents note Cálculos del producto y el ingreso de la población en el siglo XIX -- De la Colonia a la República: las consecuencias económicas de la Independencia -- Las reformas fiscales -- El producto agregado, el sector externo y la producción agropecuaria -- Salarios, precios e ingreso per cápita
520 3# - SUMMARY, ETC.
Summary, etc. En este ensayo se presenta una estimación del valor de la producción agregada de la actual República de Colombia con base en algunas series de estadísticas durante el siglo xix. El comportamiento económico que expresa la serie es bastante pobre. El PIB per cápita incluso decrece hasta mediados de siglo, en comparación con el crecimiento económico más fuer te de la segunda mitad del siglo XVIII. A partir de la década de 1850, el ingreso per cápita se recupera hasta 1885 cuando de nuevo decrece hasta principios del siglo xx. Este resultado se corrobora con la evolución de la minería que fuera sector líder durante la colonia y se estanca en el siglo xix y con la participación de las exportaciones en el producto. Por otra parte, la participación del gobierno en el PIB disminuye a lo largo del siglo de manera importante hasta 1870, año después del cual la participación del Estado se recupera. El Estado demasiado pequeño puede explicar en algo la pérdida de la ley y el or den durante el siglo. Pese a esto, se implantaron algunas de las bases del crecimiento económico y la modernización de la economía colombiana, que se vendría a dar en las primeras tres décadas del siglo xx.
650 14 - SUBJECT ADDED ENTRY--TOPICAL TERM
Topical term or geographic name entry element Rentas nacionales
9 (RLIN) 17539
General subdivision Contabilidad
Chronological subdivision Siglo XIX
Geographic subdivision Colombia
650 24 - SUBJECT ADDED ENTRY--TOPICAL TERM
Topical term or geographic name entry element Crecimiento económico
Chronological subdivision Siglo XIX
Geographic subdivision Colombia
9 (RLIN) 40178
650 24 - SUBJECT ADDED ENTRY--TOPICAL TERM
Topical term or geographic name entry element Globalización
Chronological subdivision Siglo XIX
Geographic subdivision Colombia
9 (RLIN) 40179
700 1# - ADDED ENTRY--PERSONAL NAME
Personal name López Rivera, Edwin,
Relator term autor
9 (RLIN) 7466
942 ## - ADDED ENTRY ELEMENTS (KOHA)
Source of classification or shelving scheme Dewey Decimal Classification
Koha item type Books
Existencias
Withdrawn status Lost status Source of classification or shelving scheme Damaged status Not for loan Collection code Home library Current library Date acquired Source of acquisition Full call number Barcode Date last seen Copy number Koha item type
    Dewey Decimal Classification     Non-fiction Biblioteca Pública José María del Castillo y Rada Biblioteca Pública José María del Castillo y Rada 04/15/2018 Donación 339.3861 / K147c 430006229 05/16/2024 Ej.1 Books